Choice of procedure for section 78 appeals (Record no. 27160)

MARC details
000 -LEADER
fixed length control field 00874cab a2200205 4500
001 - CONTROL NUMBER
control field ABS43552
008 - FIXED-LENGTH DATA ELEMENTS--GENERAL INFORMATION
fixed length control field 090401t1990 xxu||||| |||| 00| 0 eng d
035 ## - SYSTEM CONTROL NUMBER
System control number (Sirsi) u42322
041 ## - LANGUAGE CODE
Language code of text/sound track or separate title eng
100 ## - MAIN ENTRY--PERSONAL NAME
Personal name Webster, B.
245 ## - TITLE STATEMENT
Title Choice of procedure for section 78 appeals
260 ## - PUBLICATION, DISTRIBUTION, ETC.
Date of publication, distribution, etc. 1990
350 ## - PRICE (NR) (BK AM CF MU VM SE) [OBSOLETE]
Price 0
490 ## - SERIES STATEMENT
Series statement Estates Gazette
Volume/sequential designation (9042) 20 October 1990, 30-31(2)
520 ## - SUMMARY, ETC.
Summary, etc. Examines the different ways of conducting a planning appeal under Town and Country Planning Act 1990 s78 (formerly Town and Country Planning Act 1971 s36 ). It can be done either through written representations , if both parties are agreeable or by inquiry , either through a hearing or full scale inquiry. 85% of appeals are now conducted by the former method.
650 ## - SUBJECT ADDED ENTRY--TOPICAL TERM
Topical term or geographic name entry element DOE CIRCULAR 11/1987
690 ## - LOCAL SUBJECT ADDED ENTRY--TOPICAL TERM (OCLC, RLIN)
Topical term or geographic name as entry element PLANNING LAW AND PRACTICE
942 ## - ADDED ENTRY ELEMENTS (KOHA)
Suppress in OPAC 0
948 ## - LOCAL PROCESSING INFORMATION (OCLC); SERIES PART DESIGNATOR (RLIN)
c (OCLC) 04/03/1997
Holdings
Withdrawn status Lost status Source of classification or shelving scheme Damaged status Not for loan Home library Current library Shelving location Date acquired Total Checkouts Full call number Barcode Date last seen Copy number Price effective from Koha item type
    Dewey Decimal Classification     London London Journal article 14/09/1999   ABS43552 42322-1001 06/08/2019 1 06/08/2019 Journal article